01853nam a2200265Ia 4500001000600000003000900006008004100015040001300056040001300069041001300082100001800095100002900113240004800142240003500190245004400225245004400269250001100313260001200324260001500336260004900351300005500400500107500455650002601530650003101556H2447IT-RoPAU130308s9999 xx 000 0 und d aIT-RoPAU cIT-RoPAU aITALIANO aBiemont Emile gCodice Aut. SPICS: 56984 aRYTHMES DU TEMPS. ASTRONOMIE ET CALENDRIERS gCodice Tit. Orig. Spics: T3337 aRitmi del tempo. Astronomia e calendari bRitmi del Tempo. Astronomia e Calendari a1a ed. aBOLOGNA bZanichelli c2002 [1° Ed.:2002 - Ed.Ling.Originale:2000] a"352 p. (prefazione: 8; testo: 344 [pagine: 0-0])" a"Prima Parte: le Ore e I Giorni: Eppur si Muove; Susseguirsi del Tempo; ritmi della Natura e dell'Uomo; Ere, cicli e Miti; Almanacchi e Primi Calendari; giorni di festa e Calendari Attuali; Strumenti di misurazione del Tempo:Gnomoni e Meridiane, Anello Astronomico, Quadrante, Clessidra, Merkhet, Notturlabio, Astrolabio, Orologi Monumentali, Strumenti Moderni; Zodiaco e Astrologia. seconda Parte: Genesi del Calendario: sotto Il sole di Babilonia;Religione e Calendari nella Valle del Nilo; Era del Mondo e Popoli Semiti;Tempo delle Città Greche; Calende e Idi: Quando Il Calendario Divento' Giuliano; Gregorio XIII o la Rivoluzione Attesa; Liturgia e Calendari. Terza Parte: Calendari dei paesi Lontani: Lo Shu Ching e L'Impero di Mezzo; Corano e misurazione del Tempo; Piedra del Sol e Rotazione del Calendario; Epopee e Calendari dell'India; nel paese del Sol Levante; ritmi del Tempo a Bali. Quarta Parte: Verso una Riforma: Quando la Prima Repubblica S'Interesso' al Tempo; Altri tentativi di Riforma. Lista delle Abbreviazioni e degli Acronimi. Bibliografia." aSAGGI DI ANTROPOLOGIA eCodice materia Spics: 3507